Συνορεύουν αυτές οι Χώρες; - Statistics

General Stats
  • This quiz has been taken 101 times
  • The average score is 13 of 16
Answer Stats
Question Answer % Correct
Μεξικό - Ηνωμένες Πολιτείες Ναι
99%
Ελλάδα - Αλβανία Ναι
97%
Ρωσία - Κίνα Ναι
93%
Νορβηγία - Πολωνία Όχι
91%
Βραζιλία - Βενεζουέλα Ναι
88%
Αίγυπτος - Κένυα Όχι
88%
Ομάν - Υεμένη Ναι
86%
Γαλλία - Ιταλία Ναι
85%
Αϊτή - Δομινικανή Δημοκρατία Ναι
81%
Βιετνάμ - Μαλαισία Όχι
78%
Νότια Αφρική - Δημοκρατία του Κονγκό Όχι
76%
Κίνα - Νότια Κορέα Όχι
74%
Εσθονία - Λιθουανία Όχι
74%
Παναμάς - Γουατεμάλα Όχι
70%
Ινδονησία - Παπούα Νέα Γουινέα Ναι
65%
Μπανγκλαντές - Πακιστάν Όχι
54%
No matching quizzes found
Score Distribution
Percent of People with Each Score
Percentile by Number Answered
Your Score History
You have not taken this quiz